| 000 | 00868nas a2200277 4500 | ||
|---|---|---|---|
| 001 | BR0001302 | ||
| 003 | BR-BrBNA | ||
| 005 | 20231205101736.0 | ||
| 007 | ta | ||
| 008 | 230509b bl.|||p| |||| 00| 00por d | ||
| 040 |
_aBR-BrBNA _bpor _cBiblioteca Nacional de Agricultura |
||
| 041 | _a(Pt) | ||
| 072 | _aQ02 | ||
| 100 | 1 | _aVicentini, N.M. | |
| 100 | 1 | _aCastro, T.M.R. de | |
| 100 | 1 | _aCereda, M.P. | |
| 245 | 1 | _aInfluencia de peliculas de fecula de mandioca na qualidade pos-colheita de frutos de pimentao (Capsicum annuum L.) | |
| 650 | _aFecula | ||
| 650 | _aMandioca | ||
| 650 | _aPimentao | ||
| 650 | _aPos-Colheita | ||
| 650 | _aPreservacao de Alimento | ||
| 773 | 0 |
_tCiencia e Tecnologia de Alimentos (Brazil) _xISSN 0101-2061 _g(Jan-Apr 1999), v. 19(1) p. 127-130 _wBR0001302 |
|
| 909 |
_a202311 _bLúcia _c55 _dLúcia Elande |
||
| 942 |
_2AGRIS _n0 _cANA |
||
| 999 |
_c163600 _d163600 |
||